[Event "The World Chess Open"]
[Site "SchemingMind.com"]
[Date "2007.09.24"]
[Round "-"]
[White "ilhado"]
[Black "Konan_Kaddosh"]
[Result "0-1"]
[WhiteCountry "BRA"]
[BlackCountry "ITA"]
[WhiteElo "1759"]
[WhiteRD "77"]
[BlackElo "2415"]
[BlackRD "58"]
[GameID "121350"]

1. d4 Nf6 2. c4 e6 3. Nc3 Bb4 4. Bg5 h6 5. Bh4 c5 6. e3 Nc6 7. Nf3 Qa5 8. Bxf6 Bxc3+ 9. bxc3 Qxc3+ 10. Nd2 gxf6
11. dxc5 Qe5 12. Nb3 b6 13. Qd6 Rg8 14. Qxe5 Nxe5 15. f3 Ke7 16. Rd1 Ba6 17. Rd4 Rac8 18. cxb6 axb6 19. Kf2 Bxc4 20. Bxc4 Rxc4
21. Rxc4= Nxc4 22. e4 Ra8 23. Ra1 Ra4 24. Ke2 Nd6 25. Kd3 f5 26. exf5 Nxf5 27. g3 d5 28. a3 e5 29. Ra2 Nd6 30. Nd2 f5
31. h3 b5 32. Ke2 b4 33. Nb1 Nb5 34. Rb2 bxa3
0-1

[Event "The World Chess Open"]
[Site "SchemingMind.com"]
[Date "2007.09.24"]
[Round "-"]
[White "Konan_Kaddosh"]
[Black "ilhado"]
[Result "1-0"]
[WhiteCountry "ITA"]
[BlackCountry "BRA"]
[WhiteElo "2415"]
[WhiteRD "58"]
[BlackElo "1759"]
[BlackRD "77"]
[GameID "121357"]

1. e4 e5 2. Nf3 Nc6 3. Bb5 Nf6 4. O-O a6 5. Ba4 b5 6. Bb3 Be7 7. d4 d6 8. c3 O-O 9. Re1 exd4 10. cxd4 Bg4
11. Be3 Na5 12. Bc2 Re8 13. Nbd2 h6 14. h3 Bh5 15. Rc1 Bg6 16. b4 Nb7 17. d5 Bf8 18. Nd4 Qd7 19. f3 Nd8 20. a4 c5
21. dxc6 Nxc6 22. Nxc6 Rac8 23. axb5 axb5 24. Nd4 Qb7 25. Bd3 Rxc1 26. Qxc1 Rc8 27. Qb1 Nd7 28. Rc1 d5 29. Rxc8 Qxc8 30. Bxb5 Qc3
31. Qb3 Qxb3 32. N2xb3 Nf6 33. e5 Nh7 34. Bd2 Be7 35. Bc6 Nf8 36. b5
1-0

[Event "The World Chess Open"]
[Site "SchemingMind.com"]
[Date "2007.10.21"]
[Round "-"]
[White "Araki"]
[Black "sidra"]
[Result "1/2-1/2"]
[WhiteCountry "PER"]
[BlackCountry "HUN"]
[WhiteElo "1668"]
[WhiteRD "83"]
[BlackElo "1695"]
[BlackRD "90"]
[GameID "125373"]

1. Nf3 d5 2. c4 e6 3. b3 Nf6 4. Bb2 Be7 5. d4 O-O 6. e3 a6 7. c5 b6 8. b4 b5 9. Bd3 c6 10. O-O h6
11. Nbd2 Qc7 12. Ne5 Nbd7 13. f4 Nxe5 14. dxe5 Nd7 15. e4 f5 16. exd5 cxd5 17. a3 Bb7 18. g4 g6 19. gxf5 gxf5 20. Qh5 Kh7
21. Kf2 Rg8 22. Rg1 Raf8 23. Rg3 Qd8 24. Rag1 Bh4 25. Nf3 Bxg3+ 26. Rxg3 Rxg3 27. hxg3 Qe7 28. Nd4 Nb8 29. g4 Bc8 30. gxf5 exf5
31. Nxf5 Bxf5 32. Bxf5+ Kg8 33. e6 Rf6 34. Bxf6 Qxf6 35. Qg6+ Qxg6 36. Bxg6 Kf8 37. Kf3 Nc6 38. Kg4 Ne7 39. Bc2 Kg7 40. a4 bxa4
41. Bxa4 d4 42. c6 d3 43. c7 d2 44. Kf3 h5 45. Ke2 h4 46. Kxd2 h3 47. Bd1 h2 48. Bf3 Kf6 49. Ke2 Kxe6 50. Kf2 Kd7
51. Kg2 Kxc7 52. Kxh2 Kb6 53. Be2 Nd5 54. Kg3 Nxb4 55. f5 Nc6 56. Bc4 a5 57. Kf4 a4 58. f6 Nd8 59. Ke5 a3 60. Kd6 Nb7+
61. Kd7 Nc5+ 62. Ke7 Kc7 63. f7 Nd7 64. Be6 Ne5 65. f8=Q=
1/2-1/2

[Event "The World Chess Open"]
[Site "SchemingMind.com"]
[Date "2007.10.20"]
[Round "-"]
[White "sidra"]
[Black "Araki"]
[Result "1/2-1/2"]
[WhiteCountry "HUN"]
[BlackCountry "PER"]
[WhiteElo "1695"]
[WhiteRD "90"]
[BlackElo "1668"]
[BlackRD "83"]
[GameID "125381"]

1. d4 Nf6 2. c4 e6 3. a3 b6 4. e3 Bb7 5. f3 d5 6. b4 Nbd7 7. Bd3 Be7 8. Ne2 O-O 9. Nbc3 e5 10. cxd5 Nxd5
11. Qc2 exd4 12. Nxd5 Bxd5 13. Bxh7+ Kh8 14. exd4 Nf6 15. Be4 Bxe4 16. fxe4 Nh7 17. O-O Rc8 18. e5 Bg5 19. Bxg5 Qxg5 20. Qd3 c5
21. bxc5 bxc5 22. dxc5 Qxe5 23. Rac1 Rxc5 24. Rxc5 Qxc5+ 25. Rf2 g6 26. h3 Qe7 27. Qc3+ f6 28. Nf4 Kg7 29. Nd5 Qe4 30. Nf4 Re8
31. Nd3 Re6 32. Nc5 Qe1+ 33. Qxe1 Rxe1+ 34. Rf1 Rxf1+ 35. Kxf1 f5 36. a4 Nf6 37. Kf2 Nd5 38. Kf3 Kf6 39. h4 g5 40. hxg5+ Kxg5
41. g3 Kf6 42. a5 Ke5 43. Nb3 Kd6 44. Nd4 Ne7 45. Kf4 Kd5 46. Nxf5 Ng6+ 47. Kg5 Ne5 48. Ne7+ Ke6 49. Nc8 Nc6 50. a6 Nb4
51. Nxa7 Nxa6 52. g4 Kf7 53. Kf5 Nc7 54. Nc6 Ne8 55. Ne5+ Kg7 56. g5 Nd6+ 57. Ke6 Ne4 58. g6 Ng3 59. Ke7 Ne2 60. Ke6 Nf4+
61. Kf5 Nxg6 62. Nxg6=
1/2-1/2

[Event "The World Chess Open"]
[Site "SchemingMind.com"]
[Date "2007.10.30"]
[Round "-"]
[White "markakeen"]
[Black "palaciorep"]
[Result "1-0"]
[WhiteCountry "GBR"]
[BlackCountry "ARG"]
[WhiteElo "2099"]
[WhiteRD "80"]
[BlackElo "1633"]
[BlackRD "74"]
[GameID "126056"]

1. d4 d5 2. c4 e6 3. Nf3 h6 4. Bf4 Nc6 5. Nc3 Bb4 6. e3 Nf6 7. Qc2 Ne4 8. Bd3 Bxc3+ 9. bxc3 f5 10. Ne5 Nxe5
11. Bxe5 O-O 12. O-O Nd6 13. c5 Nf7 14. Bg3 c6 15. f3 Ng5 16. Bh4 Nxf3+ 17. gxf3 Qxh4 18. Kh1 b6 19. Rg1 bxc5 20. Rg3 cxd4
21. Rag1 Rf7 22. cxd4 a5 23. Qxc6 Rb8 24. Qe8+
1-0

[Event "The World Chess Open"]
[Site "SchemingMind.com"]
[Date "2007.10.30"]
[Round "-"]
[White "palaciorep"]
[Black "markakeen"]
[Result "0-1"]
[WhiteCountry "ARG"]
[BlackCountry "GBR"]
[WhiteElo "1633"]
[WhiteRD "74"]
[BlackElo "2099"]
[BlackRD "80"]
[GameID "126062"]

1. e4 e6 2. Nf3 d5 3. e5 c5 4. Bb5+ Bd7 5. Bxd7+ Nxd7 6. b3 Ne7 7. d4 Nc6 8. Bb2 cxd4 9. Bxd4 Qc7 10. O-O Ndxe5
11. Nxe5 Nxe5 12. Re1 Nc6 13. Bb2 O-O-O 14. Nd2 e5 15. Qg4+ Kb8 16. Nf3 f6 17. Rad1 Bb4 18. c3 h5 19. Qh3 Bc5 20. b4 Bb6
21. a4 a6 22. a5 Ba7 23. Nh4 Nxb4 24. Qf3 Nc6 25. Rxd5 Rxd5 26. Qxd5 Rd8 27. Qf3 Rd2 28. Kf1 Rxb2 29. Rd1 Rxf2+ 30. Qxf2 Bxf2
31. Kxf2 Nxa5 32. Nf5 Qxc3 33. Ne3 Nc4 34. Rd8+ Ka7 35. Nd5 Qd2+ 36. Kf3 Ne3 37. Ke4 Qd4+
0-1

[Event "The World Chess Open"]
[Site "SchemingMind.com"]
[Date "2007.11.07"]
[Round "-"]
[White "Konan_Kaddosh"]
[Black "Tanis"]
[Result "1-0"]
[WhiteCountry "ITA"]
[BlackCountry "CHN"]
[WhiteElo "2415"]
[WhiteRD "58"]
[BlackElo "2096"]
[BlackRD "92"]
[GameID "127951"]

1. e4 e5 2. Nf3 f5 3. Nxe5 Qf6 4. Nc4 fxe4 5. Nc3 Qf7 6. Ne3 c6 7. Nxe4 d5 8. Ng3 h5 9. h4 g6 10. d4 Bg7
11. Bd3 Ne7 12. c3 O-O 13. O-O Bf6 14. Qc2 b6 15. Ne2 Bxh4 16. g3 Bf6 17. Nf4 Kg7 18. Qe2 a5 19. b3 Ba6 20. Neg2 Bxd3
21. Qxd3 Na6 22. Re1 Nc7 23. Ba3 Rfe8 24. Bd6 Nb5 25. Bxe7 Rxe7 26. Rxe7 Bxe7 27. Re1 Bf6 28. Re6 Na7 29. Qe2 Rg8 30. Nh4
1-0

[Event "The World Chess Open"]
[Site "SchemingMind.com"]
[Date "2007.11.08"]
[Round "-"]
[White "Tanis"]
[Black "Konan_Kaddosh"]
[Result "0-1"]
[WhiteCountry "CHN"]
[BlackCountry "ITA"]
[WhiteElo "2096"]
[WhiteRD "92"]
[BlackElo "2415"]
[BlackRD "58"]
[GameID "127954"]

1. e4 c5 2. Nf3 Nc6 3. d4 cxd4 4. Nxd4 e5 5. Nb5 d6 6. N1c3 a6 7. Na3 b5 8. Nd5 Nf6 9. Nxf6+ Qxf6 10. c4 Qg6
11. f3 Be7 12. Qd5 Bd7 13. cxb5 axb5 14. Nxb5 O-O 15. Qd1 d5 16. Nc7 dxe4 17. Nxa8 exf3 18. gxf3 Bh4+ 19. Kd2 Qd6+ 20. Bd3 Bf5
21. Qc2 Nb4
0-1

[Event "The World Chess Open"]
[Site "SchemingMind.com"]
[Date "2007.11.25"]
[Round "-"]
[White "cnbcad"]
[Black "Goran"]
[Result "0-1"]
[WhiteCountry "USA"]
[BlackCountry "ITA"]
[WhiteElo "1506"]
[WhiteRD "56"]
[BlackElo "2351"]
[BlackRD "75"]
[GameID "130144"]

1. e4 c5 2. Nf3 Nc6 3. Bc4 e6 4. e5 d5 5. Bb5 Bd7 6. c3 Nxe5 7. Bxd7+ Nxd7 8. Qa4 Bd6 9. Qg4 Ngf6 10. Qxg7 Rg8
11. Qh6 Rxg2 12. d3 Qb6 13. Bg5 Qxb2 14. Qg7 Qxf2+ 15. Kd1 Qe2+ 16. Kc1 Qc2#
0-1

[Event "The World Chess Open"]
[Site "SchemingMind.com"]
[Date "2007.11.25"]
[Round "-"]
[White "Goran"]
[Black "cnbcad"]
[Result "1-0"]
[WhiteCountry "ITA"]
[BlackCountry "USA"]
[WhiteElo "2394"]
[WhiteRD "71"]
[BlackElo "1503"]
[BlackRD "58"]
[GameID "130147"]

1. e4 e5 2. Nf3 Nc6 3. Bb5 d6 4. d4 Bd7 5. Nc3 a6 6. Bxc6 Bxc6 7. dxe5 dxe5 8. Qxd8+ Rxd8 9. Nxe5 Bc5 10. Nxc6 bxc6
11. Ke2 Nf6 12. Bf4 O-O 13. Bxc7 Rd7 14. Bg3 Re8 15. f3 Bd4 16. Rhd1 Nd5 17. Rxd4 Nf4+ 18. Ke3 Nd5+ 19. Nxd5 cxd5 20. Rad1 f5
21. Rxd5 Rb7 22. b3 fxe4 23. fxe4 Rbe7 24. e5
1-0

[Event "The World Chess Open"]
[Site "SchemingMind.com"]
[Date "2007.11.26"]
[Round "-"]
[White "marble"]
[Black "bartleby en passant"]
[Result "0-1"]
[WhiteCountry "ENG"]
[BlackCountry "IRL"]
[WhiteElo "1623"]
[WhiteRD "55"]
[BlackElo "1746"]
[BlackRD "74"]
[GameID "130563"]

1. e4 e5 2. Nf3 Nc6 3. Bb5 Nd4 4. Nxd4 exd4 5. O-O a6 6. Ba4 b5 7. Bb3 Bb7 8. Qf3 Nf6 9. Re1 c5 10. Bd5 Qc7
11. e5 Nxd5 12. e6 dxe6 13. d3 Bd6 14. g3 Nb4 15. Qe2 Qc6 16. f3 Qxf3 17. Qxf3 Bxf3 18. Na3 O-O 19. c3 Nxd3 20. Bf4 Bxf4
21. Rf1 Be3+
0-1

[Event "The World Chess Open"]
[Site "SchemingMind.com"]
[Date "2007.11.26"]
[Round "-"]
[White "bartleby en passant"]
[Black "marble"]
[Result "1-0"]
[WhiteCountry "IRL"]
[BlackCountry "ENG"]
[WhiteElo "1746"]
[WhiteRD "74"]
[BlackElo "1623"]
[BlackRD "55"]
[GameID "130587"]

1. d4 Nf6 2. c4 g6 3. Nc3 Bg7 4. e4 d6 5. Nf3 O-O 6. Bd3 e6 7. b4 b6 8. e5 Nfd7 9. Bg5 f6 10. exf6 Bxf6
11. Bxf6 Nxf6 12. O-O Nc6 13. b5 Nb8 14. Ne4 d5 15. Nxf6+ Rxf6 16. cxd5 exd5 17. Ne5 Nd7 18. Nc6 Qf8 19. Qe2 Rf7 20. Rae1 Nf6
21. Ne7+ Kg7 22. Qe5 Be6 23. Qxe6 Re8 24. Nf5+ Kh8 25. Qc6 Rxe1 26. Rxe1 gxf5 27. Bxf5 Rg7 28. Re6 Qg8 29. g3 h5 30. Rxf6 h4
31. Rh6+
1-0

[Event "The World Chess Open"]
[Site "SchemingMind.com"]
[Date "2007.11.27"]
[Round "-"]
[White "Tahur"]
[Black "keen"]
[Result "1-0"]
[WhiteCountry "ARG"]
[BlackCountry "SCO"]
[WhiteElo "1964"]
[WhiteRD "52"]
[BlackElo "1783"]
[BlackRD "64"]
[GameID "130738"]

1. e4 e5 2. Nf3 Nf6 3. Nxe5 Qe7 4. d4 d6 5. Nf3 Bg4 6. Nc3 Nc6 7. Bg5 h6 8. Bxf6 Qxf6 9. Nd5 Qd8 10. Bb5 a6
11. Bxc6+ bxc6 12. Ne3 Bh5 13. c4 Be7 14. g4 Bg6 15. Qb1 d5 16. cxd5 Bb4+ 17. Kf1 cxd5 18. Nxd5 Qxd5 19. exd5 Bxb1 20. Rxb1 Rd8
21. a3 Ba5 22. b4 Bb6 23. Re1+ Kf8 24. Re5 f6 25. Rf5 Rd6 26. Ne5 Ke8 27. Nc4 Rd7 28. Ke2 Bxd4 29. Rd1 Ba7 30. Kf3 Kd8
31. Na5 Kc8 32. Nc6 Bb6 33. Re1 Kb7 34. h4 Rf8 35. h5 Rdf7 36. Re6 Rd7 37. a4 Rd6 38. Re7
1-0

[Event "The World Chess Open"]
[Site "SchemingMind.com"]
[Date "2007.11.27"]
[Round "-"]
[White "keen"]
[Black "Tahur"]
[Result "1/2-1/2"]
[WhiteCountry "SCO"]
[BlackCountry "ARG"]
[WhiteElo "1766"]
[WhiteRD "67"]
[BlackElo "1964"]
[BlackRD "54"]
[GameID "130745"]

1. e4 c5 2. d4 cxd4 3. c3 d5 4. e5 dxc3 5. Nxc3 d4 6. Bc4 e6 7. Ne4 Qa5+ 8. Bd2 Qxe5 9. Qe2 Nf6 10. Nxf6+ gxf6
11. Nf3 Qxe2+ 12. Kxe2 e5 13. Rhe1 Nc6 14. Kf1 Bg4 15. Bd5 Rd8 16. Be4 Be6 17. a3 Bd5 18. Bc2 Bxf3 19. gxf3 d3 20. Ba4 a6
21. Rac1 Rd6 22. f4 b5 23. Bd1 Bg7 24. Bf3 Nd4 25. Bg4 Nb3 26. Rc8+ Rd8 27. Bc3 Rxc8 28. Bxc8 d2 29. Rd1 a5 30. Bxd2 Ke7
31. Bf5 Rd8 32. Ke1 Nxd2 33. Rxd2 Rxd2 34. Kxd2 Bh6 35. Kd3 Bxf4 36. h3 h5 37. f3 Kd6 38. Be4 Kc5 39. Kc3 b4+ 40. axb4+ axb4+
41. Kd3 Bc1 42. b3 Bb2 43. Bf5 Kd5 44. Be4+ Ke6 45. Kc4 Bc3 46. Bd5+ Ke7 47. Be4 Bd2 48. Bf5 Kd6 49. Be4 Ke6 50. Bd5+ Ke7
51. Kd3= Bc3 52. Kc4 f5 53. Kd3 Kf6 54. Ke2 Bd4 55. Kf1 f4 56. Ke2 Ke7 57. Kd3 Kf6 58. Kc4 Bc3 59. Kd3 Kg6 60. Ke2 f6
61. Kf1 Kg5 62. Kg2 Bd4 63. Bf7 f5 64. Bd5 Be3 65. Bc6 Bd4 66. Bd5 Bb6 67. Bc6 Bd4 68. Bd5=
1/2-1/2

[Event "The World Chess Open"]
[Site "SchemingMind.com"]
[Date "2008.01.24"]
[Round "-"]
[White "markakeen"]
[Black "Tahur"]
[Result "1-0"]
[WhiteCountry "GBR"]
[BlackCountry "ARG"]
[WhiteElo "2030"]
[WhiteRD "83"]
[BlackElo "1941"]
[BlackRD "57"]
[GameID "138012"]

1. d4 Nf6 2. c4 g6 3. Nc3 d5 4. h4 dxc4 5. e4 c5 6. d5 Qa5 7. Bd2 Qa6 8. b3 b5 9. f3 Nbd7 10. bxc4 bxc4
11. Qa4 Qxa4 12. Nxa4 Rb8 13. Bxc4 Ne5 14. Be2 c4 15. Bc3 Nd3+ 16. Bxd3 cxd3 17. Nh3 Bh6 18. Nf2 d2+ 19. Bxd2 Bxd2+ 20. Kxd2 Rb4
21. Nc5 Rb2+ 22. Ke3 O-O 23. g4 h5 24. g5 Nd7 25. Nfd3 Rg2 26. Nxd7 Bxd7 27. Nc5 Bc8 28. a4 Rd8 29. Rab1 Kg7 30. Rb8 Rc2
31. Nd3 e6 32. Rc1 Rxc1 33. Nxc1 exd5 34. exd5 f6 35. f4 Kf7 36. Kd4 Ke7 37. Ra8 Rxd5+ 38. Ke3 Bf5 39. Rxa7+ Ke6 40. Ra6+ Rd6
41. Rxd6+ Kxd6 42. gxf6 Bc8 43. Kd4 Ke6= 44. f7 Kxf7= 45. Ke5 Ke7 46. Nb3 Bf5 47. Nc5 Kd8 48. Kf6 Kc7 49. Ne6+ Kb6 50. Nf8 Bc2
51. Nxg6 Bxa4 52. f5 Bd7 53. Kg5 Kc7 54. f6 Be6 55. Kxh5 Bf7 56. Kh6 Kd7 57. Kg7 Ke6 58. Nf8+ Kf5 59. Kxf7
1-0

[Event "The World Chess Open"]
[Site "SchemingMind.com"]
[Date "2008.01.24"]
[Round "-"]
[White "Tahur"]
[Black "markakeen"]
[Result "1-0"]
[WhiteCountry "ARG"]
[BlackCountry "GBR"]
[WhiteElo "1979"]
[WhiteRD "54"]
[BlackElo "2015"]
[BlackRD "79"]
[GameID "138020"]

1. e4 e6 2. d4 d5 3. Nd2 c5 4. Ngf3 Nc6 5. exd5 exd5 6. Bb5 Bd6 7. O-O cxd4 8. Nb3 Ne7 9. Nbxd4 Bg4 10. h3 Bh5
11. Bg5 Qc7 12. Bxe7 Bxe7 13. Nxc6 bxc6 14. Qxd5 Bxf3 15. Qxf3 Rc8 16. Bc4 O-O 17. Rae1 Bf6 18. c3 Rb8 19. Re2 a5 20. Rfe1 a4
21. Bd3 c5 22. Qf5
1-0

[Event "The World Chess Open"]
[Site "SchemingMind.com"]
[Date "2008.02.13"]
[Round "-"]
[White "Konan_Kaddosh"]
[Black "sidra"]
[Result "1-0"]
[WhiteCountry "ITA"]
[BlackCountry "HUN"]
[WhiteElo "2496"]
[WhiteRD "63"]
[BlackElo "1699"]
[BlackRD "88"]
[GameID "141756"]

1. e4 e5 2. Nf3 d6 3. d4 exd4 4. Nxd4 a6 5. Nc3 c5 6. Nb3 Nc6 7. Bf4 h6 8. Qd2 g5 9. Bg3 Bg7 10. Qxd6 Qxd6
11. Bxd6 Bxc3+ 12. bxc3 b6 13. h4 f6 14. Bc7 b5 15. Nxc5 Ra7 16. Bb6 Re7 17. O-O-O Bb7 18. Be2 h5 19. hxg5 fxg5 20. Rxh5 Rxh5
21. Bxh5+ Kf8 22. Rd6 Kg7 23. Nxb7 Rxb7 24. Rxc6 Ne7 25. Bd4+ Kf8 26. Rxa6 Rc7 27. Ra8+ Rc8 28. Rxc8+ Nxc8 29. Bc5+ Ne7 30. g4 b4
31. cxb4 Kg7 32. Bxe7 Kg8 33. b5 Kg7 34. b6 Kg8 35. b7 Kg7 36. b8=Q Kh7 37. Bf6
1-0

[Event "The World Chess Open"]
[Site "SchemingMind.com"]
[Date "2008.02.13"]
[Round "-"]
[White "sidra"]
[Black "Konan_Kaddosh"]
[Result "0-1"]
[WhiteCountry "HUN"]
[BlackCountry "ITA"]
[WhiteElo "1699"]
[WhiteRD "88"]
[BlackElo "2496"]
[BlackRD "63"]
[GameID "141760"]

1. d4 Nf6 2. c4 e6 3. a3 b6 4. e3 d5 5. b4 a5 6. b5 c5 7. f3 cxd4 8. exd4 Bd6 9. Bb2 O-O 10. Bd3 dxc4
11. Bxc4 Bb7 12. Ne2 Nbd7 13. O-O Bxh2+ 14. Kxh2 Qc7+ 15. Kg1 Qxc4 16. a4 Rac8 17. Bc3 Rfd8 18. Nd2 Qd3 19. Rc1 Nd5 20. Ne4 Qe3+
21. Rf2 Nxc3 22. N4xc3 Ne5 23. dxe5 Rxd1+ 24. Nxd1 Rxc1 25. Nxc1 Qxc1 26. Rf1 Qa3 27. Rf2 Qxa4 28. Rd2 h5 29. Rd8+ Kh7 30. Nc3 Qa1+
31. Nd1 Bd5 32. Rd6 Qxd1+ 33. Kf2 Qd4+ 34. Kg3 Qxe5+ 35. f4 h4+ 36. Kxh4 Qxf4+ 37. Kh3 g5 38. Rxb6 Qh4#
0-1

[Event "The World Chess Open"]
[Site "SchemingMind.com"]
[Date "2008.02.20"]
[Round "-"]
[White "bartleby en passant"]
[Black "Goran"]
[Result "0-1"]
[WhiteCountry "IRL"]
[BlackCountry "ITA"]
[WhiteElo "1698"]
[WhiteRD "80"]
[BlackElo "2472"]
[BlackRD "71"]
[GameID "142038"]

1. e4 c5 2. f4 e6 3. Nf3 d5 4. exd5 exd5 5. Bb5+ Bd7 6. Bxd7+ Nxd7 7. Qe2+ Qe7 8. Qxe7+ Bxe7 9. d3 Ngf6 10. Nc3 O-O
11. f5 d4 12. Ne4 Nxe4 13. dxe4 Rfe8 14. Bf4 Bf8 15. Nd2 Nf6 16. e5 Nd5 17. g3 Bd6 18. Nf3 f6 19. e6 Bxf4 20. gxf4 Ne3
21. Kd2 Nxf5 22. Rae1 Rad8 23. Re5 fxe5
0-1

[Event "The World Chess Open"]
[Site "SchemingMind.com"]
[Date "2008.02.20"]
[Round "-"]
[White "Goran"]
[Black "bartleby en passant"]
[Result "1-0"]
[WhiteCountry "ITA"]
[BlackCountry "IRL"]
[WhiteElo "2472"]
[WhiteRD "71"]
[BlackElo "1698"]
[BlackRD "80"]
[GameID "142048"]

1. d4 d5 2. Nf3 Bf5 3. c4 e6 4. Nc3 Bb4 5. Ne5 Nc6 6. Nxc6 bxc6 7. Qa4 Bxc3+ 8. bxc3 Ne7 9. g4 Bxg4 10. Rg1 f5
11. h3 Bh5 12. Rxg7 Bg6 13. cxd5 Qxd5 14. Ba3 Nc8 15. c4
1-0

[Event "The World Chess Open"]
[Site "SchemingMind.com"]
[Date "2008.05.04"]
[Round "-"]
[White "Goran"]
[Black "markakeen"]
[Result "1-0"]
[WhiteCountry "ITA"]
[BlackCountry "GBR"]
[WhiteElo "2513"]
[WhiteRD "72"]
[BlackElo "2013"]
[BlackRD "92"]
[GameID "152627"]

1. d4 Nf6 2. c4 g6 3. Nc3 Bg7 4. e4 d6 5. Nf3 O-O 6. Be2 Na6 7. O-O e5 8. Be3 Ng4 9. Bg5 Qe8 10. dxe5 dxe5
11. h3 f6 12. Bd2
1-0

[Event "The World Chess Open"]
[Site "SchemingMind.com"]
[Date "2008.05.04"]
[Round "-"]
[White "markakeen"]
[Black "Goran"]
[Result "0-1"]
[WhiteCountry "GBR"]
[BlackCountry "ITA"]
[WhiteElo "2013"]
[WhiteRD "92"]
[BlackElo "2513"]
[BlackRD "72"]
[GameID "152634"]

1. d4 Nf6 2. c4 e6 3. Nf3 b6 4. Nc3 Bb7 5. a3 d5 6. cxd5 Nxd5 7. Qc2 Nxc3 8. bxc3 Be7 9. e4 O-O 10. Bc4 c5
0-1